000 00721nam a2200253Ia 4500
003 OSt
005 20221006143311.0
006 a|||||r|||| 00| 0
007 ta
008 221006b |||||||| |||| 00| 0 eng d
020 _cP25.00
024 _a8,581
037 _cTextual
040 _aEASL
_cEASL
_beng
041 _2eng
_aeng
082 _aX8(A).42.N93, N5
100 _aCALLON Scott
_9336805
245 0 _aDivided sun
_b MITI and the breakdown of Japanese high-tech industrial policy, 1975-1993
260 _aStandford
_bStandford University Press
_c1995
300 _a249p.
_ccm.
490 _v JEL
942 _hX8(A).42.N93, N5
_cTEXL
_2CC
999 _c1076667
_d1076667